Normal view
MARC view
Entry Personal Name
001 - CONTROL NUMBER
- control field: 11367
003 - CONTROL NUMBER IDENTIFIER
- control field: ARRUPE
005 - DATE AND TIME OF LATEST TRANSACTION
- control field: 20140918162929.0
008 - FIXED-LENGTH DATA ELEMENTS
- fixed length control field: 140918|| aca||aabn | a|a d
040 ## - CATALOGING SOURCE
- Original cataloging agency: ARRUPE
- Transcribing agency: ARRUPE
100 ## - HEADING--PERSONAL NAME
- Personal name: Drake, Stillman.
670 ## - SOURCE DATA FOUND
- Source citation: Work cat.: (ARRUPE)0: Drake, Stillman., Galileo at work :, 1978.